000 00526nam a2200181 i 4500
001 65510
003 ES-MaACL
005 20250909225252.0
007 t|
008 040114s1933 mx ||||1| spa d
100 1 _aFrías, José D.
_952584
245 1 0 _aVersos escogidos /
_cJosé D. Frías ; [prólogo de V. García Calderón].
260 _aMéxico :
_b[s.n.,
_c1933]
300 _a130 p. ;
_c24 cm.
700 1 _aGarcía Calderón, Ventura,
_d1886-1959
_954317
852 _aES-MaACL
_jA-1958
999 _c65510
_d65510